000 01383nam a22002777a 4500
003 OSt
005 20260626161527.0
008 260626t2026 xxu||||| |||| 00| 0 spa d
040 _aUnicoc
_bspa
_c00001
_d00001
082 _a371.33
100 _913134
_aRey Valzacchi, Jorge
245 _aIA para docentes
_b: guía visual para integrar inteligencia artificial en la enseñanza
_c/ Jorge Rey Valzacchi
250 _a1 Ed.
260 _aArgentina
_bInstituto Latinoamericano de Desarrollo Profesional Docente ,
_c2026.
300 _a36 páginas
_bIlustraciones, diagramas, tablas, gráficas
440 _913135
_aAprende Virtual
505 _t1. La IA y el rol del docente. --
_t2. Planificar y diseñar con IA. --
_t3. Crear, evaluar y retroalimentar con IA. --
_t4. Uso responsable, inclusivo y efectivo de la IA. --
_t5. IA para aprender y pensar mejor.
526 _5Unicoc
546 _aEspañol
650 0 _913167
_aCompetencias digitales
_vDocentes
650 0 _910540
_aInteligencia artificial
_vAplicaciones en la educación
650 0 _913138
_aDocentes
_vUso de tecnologías de la información
650 0 _913148
_aRecursos educativos digitales
856 _yAcceso online exclusivo para comunidad Unicoc.
_uhttps://unicoceduco-my.sharepoint.com/:b:/g/personal/direccionbiblioteca_unicoc_edu_co/IQCS-DdQWWTKQpc2FKdICafjAXgcpLyWv9caBANd2oT3SkY
942 _2ddc
_cEBOOK
999 _c10913
_d10913